Nirvana's Most Streamed Songs - Statistics

General Stats
  • This quiz has been taken 645 times
  • The average score is 13 of 20
Answer Stats
Hint Answer % Correct
2,767,622,063 Smells Like Teen Spirit
99%
1,932,834,793 Come As You Are
93%
141,535,942 Come As You Are (Live)
93%
1,055,006,940 Heart-Shaped Box
92%
812,266,732 Lithium
87%
471,835,343 In Bloom
75%
615,302,921 Something In The Way
75%
638,157,296 About A Girl
74%
133,045,366 About a Girl (Live)
74%
369,264,041 Rape Me
72%
365,293,331 All Apologies
66%
626,311,244 The Man Who Sold The World (Live)
66%
157,995,180 Polly
61%
236,333,082 Breed
58%
417,577,428 Dumb
57%
229,600,884 Drain You
55%
253,868,317 Where Did You Sleep Last Night (Live)
37%
176,196,483 Love Buzz
29%
192,308,248 You Know You're Right
29%
216,724,453 Lake Of Fire (Live)
28%
No matching quizzes found
Score Distribution
Percent of People with Each Score
Percentile by Number Answered
Your Score History
You have not taken this quiz